Alle Autobahnkreuze & -dreiecke in Deutschland - Statistiken

Allgemein
  • Dieses Quiz wurde 149 mal gespielt
  • Das Durchschnittsergebnis liegt bei 79 aus 252
Antwortstatistiken
Hint Antwort % Korrekt
3/5 Frankfurt
67%
7/37 Hannover/Kirchhorst
65%
8/81/831 Stuttgart
65%
3/9 Nürnberg
63%
9/73 Nürnberg/Feucht
63%
45/448 Dortmund/Witten
61%
5/8 Karlsruhe
61%
7/8 Ulm/Elchingen
61%
1/27 Bremen
60%
1/44 Dortmund/Unna
60%
6/656 Mannheim
56%
4/71 Erfurt
53%
1//57 Köln-Nord
52%
1/4 Köln-West
52%
9/10 Potsdam
52%
3/66 Wiesbaden
52%
4/44/544 Aachen
51%
1/2 Kamen
51%
3/4 Köln-Ost
51%
1/30 Lotte/Osnabrück
51%
94/99 München-Ost
51%
8/99/995 München-Süd
51%
8/99 München-West
51%
3/661 Offenbach
51%
2/33 Bielefeld
49%
43/448 Bochum/Witten
49%
5/67 Darmstadt
49%
7/66 Fulda
49%
4/7 Kirchheim
49%
4/555 Köln-Süd
49%
1/20 Lübeck
49%
2/14 Magdeburg
49%
1/8 | 6/620 Saarbrücken
49%
1/3 Leverkusen
48%
9/99 München-Nord
48%
3/93 Regensburg
48%
40/43 Bochum
47%
3/560 Bonn/Siegburg
47%
3/73 Fürth/Erlangen
47%
5/656 Heidelberg
47%
48/61 Koblenz
47%
4/72 Chemnitz
45%
1/24 Hamburg-Ost
45%
7/44 Kassel-Süd
45%
2/3/516 Oberhausen
45%
19/20 Rostock
45%
7/70 Schweinfurt/Werneck
45%
5/7 Hattenbach
44%
4/9 Hermsdorf
44%
61/650 Ludwigshafen
44%
5/6 Walldorf
44%
40/59 Duisburg
43%
8/81 Leonberg
43%
60/643 Mainz
43%
1/7/39 Maschen
43%
7/96 Memmingen
43%
14/24 Schwerin
43%
3/81 Würzburg-West
43%
2/10 Werder
41%
9/70 Bayreuth/Kulmbach
40%
5/648 Frankfurt-West
40%
45/66 Hanau
40%
8/93 Inntal
40%
2/39 Wolfsburg/Königslutter
40%
70/73 Bamberg
39%
3/92 Deggendorf
39%
9/14 Schkeuditz
39%
5/659 Weinheim
39%
2/31 Bottrop
37%
4/13 Dresden-Nord
37%
5/66 Frankfurt-Nordwest
37%
42/43 Herne
37%
6/63 Kaiserslautern
37%
6/9 Nürnberg-Ost
37%
7/39 Salzgitter
37%
3/7 Biebelried
36%
4/17 Dresden-West
36%
10/13/113 Schönefeld
36%
6/659 | 6/67 Viernheim
36%
3/6 Altdorf
35%
5/661 Bad Homburg
35%
46/59 Düsseldorf-Süd
35%
5/45 Gambach
35%
45/46 Hagen
35%
2/445 Hamm
35%
2/7 Hannover-Ost
35%
44/49 Kassel-West
35%
6/73 Nürnberg-Süd
35%
10/111 Oranienburg
35%
14/20 Wismar
35%
44/52 Düsseldorf-Nord
33%
6/7 Feuchtwangen/Crailsheim
33%
6/61 Hockenheim
33%
28/31 Leer
33%
52/61 Mönchengladbach
33%
3/45 Seligenstadt
33%
71/73 Suhl
33%
7/980 Allgäu
32%
2/30 Bad Oeynhausen
32%
2/391 Braunschweig-Nord
32%
40/52 Essen-Ost
32%
6/61 Frankenthal
32%
4/14 Nossen
32%
13/15 Spreewald
32%
1/28 Stuhr
32%
10/11 Barnim
31%
3/4/59 Heumar
31%
9/93 Holledau
31%
1/43 Münster-Süd
31%
9/92 Neufahrn
31%
2/43 Recklinghausen
31%
8/620 Saarlouis
31%
11/20 Uckermark
31%
7/27 Walsrode
31%
1/43/46 Wuppertal-Nord
31%
61/63 Alzey
29%
5/672 Darmstadt-Nord
29%
480/485 Gießen-Nord
29%
7/352 Hannover-Nord
29%
7/37 Hannover-Süd
29%
10/24 Havelland
29%
210/215 Kiel-West
29%
96/99 München-Südwest
29%
6/8 Neunkirchen
29%
6/93 Oberpfälzer Wald
29%
28/29 Oldenburg-Ost
29%
5/480 Reiskirchen
29%
60/67 Rüsselsheim
29%
1/48 Vulkaneifel
29%
5/98 Weil am Rhein
29%
6/81 Weinsberg
29%
1/29 Ahlhorner Heide
28%
36/39 Braunschweig-Süd
28%
1/261 Buchholz
28%
2/352 Hannover-West
28%
44/49 | 7/49 Kassel-Mitte
28%
38/72 Leipzig-Süd
28%
3/67 Mönchhof
28%
95/952 Starnberg
28%
1/45 Westhofen
28%
45/480 Wetzlar
28%
19/24 Wittstock/Dosse
28%
1/226 Bad Schwartau
27%
9/72 Bayerisches Vogtland
27%
40/45 Dortmund-West
27%
7/38 Drammetal
27%
45/485 Gießen-Süd
27%
7/23 Hamburg-Nordwest
27%
1/25 Hamburg-Südost
27%
7/261 Hamburg-Südwest
27%
1/7 Horst
27%
3/40 Kaiserberg
27%
4/61 Kerpen
27%
60/63 Mainz-Süd
27%
40/57 Moers
27%
28/293 Oldenburg-West
27%
4/45 Olpe-Süd
27%
7/210 Rendsburg
27%
100/111 Charlottenburg
25%
100/115 Funkturm
25%
72/93 Hochfranken
25%
10/115 Nuthetal
25%
29/293 Oldenburg-Nord
25%
10/114 Pankow
25%
14/38 Parthenaue
25%
3/44 Ratingen-Ost
25%
100/103 Schöneberg
25%
555/565 Bonn-Nord
24%
59/562 Bonn-Ost
24%
67/672 Griesheim
24%
38/143 Halle-Süd
24%
9/38 Rippachtal
24%
7/215 Bordesholm
23%
2/45 Dortmund-Nordwest
23%
42/59 Duisburg-Nord
23%
2/52 Gladbeck
23%
2/37 Hannover-Buchholz
23%
3/46 Hilden
23%
1/59 Leverkusen-West
23%
60/673 Mainspitz
23%
100/113 Neukölln
23%
1/62 Nonnweiler
23%
1/255 Norderelbe
23%
3/42 Oberhausen-West
23%
10/12 Spreeau
23%
1/60 Wittlich
23%
3/52/524 | 52/524 Breitscheid
21%
3/48 Dernbach
21%
81/98 Hegau
21%
45/66 Langenselbold
21%
1/602 Moseltal
21%
30/33 Osnabrück-Süd
21%
38/73 Südharz
21%
1/21 Bargteheide
20%
14/36 Bernburg
20%
40/448 Bochum-West
20%
1/33 Bramsche/Wallenhorst
20%
39/391 Braunschweig-Südwest
20%
59/524 Duisburg-Süd
20%
6/62 Landstuhl-West
20%
92/99 München-Feldmoching
20%
46/57 Neuss-Süd
20%
44/445 Werl
20%
81/864 Bad Dürrheim
19%
1/61/553 Bliesheim
19%
31/280 Bunde
19%
42/45 Castrop-Rauxel-Ost
19%
66/648 Eschborn
19%
98/861 Hochrhein
19%
42/57 Kamp-Lintfort
19%
3/542 Langenfeld
19%
61/65 Mutterstadt
19%
46/57 Neuss-West
19%
36/369 Nordharz
19%
8/623 Friedrichsthal
17%
4/559 Köln-Gremberg
17%
43/52 Marl-Nord
17%
59/542 Monheim-Süd
17%
5/(ehem. 862) Neuenburg
17%
30/31 Schüttorf
17%
113/117 Waltersdorf
17%
1/61 Erfttal
16%
99/99a München-Allach
16%
60/61 Nahetal
16%
391/392 Ölper
16%
66/643 Schierstein
16%
70/71 Werntal
16%
33/44 Wünnenberg-Haaren
16%
7/20 Bad Bramstedt
15%
44/46 Holz
15%
44/61 Jackerath
15%
61/565 Meckenheim
15%
46/535 Sonnborn
15%
27/281 Bremen-Industriehäfen
13%
52/57 Kaarst
13%
8/99a München-Eschenried
13%
42/516 Oberhausen-Zentrum
13%
59/559 Köln-Porz
12%
44/57 Meerbusch
12%
61/571 Sinzig
12%
44/535 Velbert-Nord
12%
61/573 Bad Neuenahr-Ahrweiler
11%
59/565 Bonn-Nordost
11%
1/26 Hamburg-Stillhorn
11%
46/61 Mönchengladbach-Wanlo
9%
44/52 Neersen
8%
66/661 Erlenbruch
7%
59/560 St. Augustin-West
4%
Keine übereinstimmenden Quizze gefunden
Verteilung der Resultate
Anzahl Personen mit jedem Resultat
Perzentil nach korrekt beantworteten Fragen
Ihre Resultats-Entwicklung
Sie haben dieses Quiz noch nicht gespielt